000 01420nam a2200373 i 4500
001 27526
003 ES-MaACL
005 20230906153634.0
007 t|
008 030114m19801981sp ||||1| spa d
020 _a84-282-0633-3
100 1 _aAubouin, Jean.
_923814
245 1 0 _aTratado de geología /
_cJean Aubouin, Robert Brousse, Jean-Pierre Lehman.
260 _aBarcelona :
_bOmega,
_c1980-1981.
300 _a3 v. :
_bil. ;
_c26 cm.
500 _aIndices.
505 8 _aContiene: V. I: Petrología / ilustraciones de Claude Hiraga ; traducido por Isabel Zamarreño e Ignacio Gil. -- V. II: Paleontología ; estratigrafía / ilustraciones de Celso Salgueiro y André Mariot ; traducido por Esmeralda Caus. -- V. III: Tectónica ; tecnofísica ; morfología / ilustraciones de André Mariot ; traducido por David Serrat
700 1 _aBrousse, Robert.
_931967
700 1 _aLehman, Jean-Pierre.
_971325
700 1 _aHiraga, Claude.
_963797
700 1 _aZamarreño, Isabel.
_9117895
700 1 _aGil, Ignacio.
_956733
700 1 _aSalgueiro, Celso.
_9101908
700 1 _aMariot, André.
_976882
700 1 _aCaus, Esmeralda.
_937119
700 1 _aSerrat, David.
_9105812
740 0 _aPetrología.
740 0 _aPaleontología.
740 0 _aEstratigrafía.
740 0 _aTectónica.
740 0 _aTecnofísica.
740 0 _aMorfología.
852 _aES-MaACL
_jL-11374-6
_bR.113223
999 _c27526
_d27526